System identification : parameter and state estimation /

Guardado en:
Autor Principal: Eykhoff, Pieter, 1929-
Formato: Libro
Idioma:English
Publicado: Chichester : Wiley, c1974.
Materias:
Etiquetas: Agregar Etiqueta
Sin Etiquetas, Sea el primero en etiquetar este registro!
LEADER 00782cam a22002175a 4500
001 EIQ.libpla001398
008 741029s1974####enka#####b####001#0#eng#d
005 20060921200202.0
245 1 0 |a System identification :  |b parameter and state estimation /  |c [by] Pieter Eykhoff. 
260 |a Chichester :  |b Wiley,  |c c1974. 
300 |a xx, 555 p. :  |b il. ;  |c 24 cm. 
500 |a "A Wiley-Interscience publication." 
504 |a Incluye referencias bibliográficas e índice. 
020 |a 0471249807 
100 1 |a Eykhoff, Pieter,  |d 1929- 
082 0 0 |a 003 
650 4 |a Identificación de sistemas  |x Estimación de parámetros. 
650 4 |a System identification  |x Parameter estimation. 
010 |a  73002781  
040 |a DLC  |c DLC  |d AR-BbSID 
859 |a AR-BbSID  |b BIB. PLAPIQUI  |h 629.82  |i Ey 36  |p 858